000 00724nam a2200217 u 4500
005 20220528063519.0
008 100924s2005 r 000 0 eng d
020 _a9788496336697 (13 dígitos)
020 _a8496336697 (10 dígitos)
035 _aUPN01000177925
049 _aCG
050 4 _aPQ6657 I8.2
_bL4.9
100 1 _aGisbert, Joan Manuel,
_d1949-
_932067
245 1 0 _aLeyendas del planeta Thámyris /
_cJoan Manuel Gisbert ; il. Francisco Solé.
260 _aEspaña :
_bPlaneta & Oxford,
_c2005.
300 _a183 p. :
_bil.
440 0 _aCamaleón.
_pAzul a partir de 12 años ;
_v12
650 0 _aLiteratura juvenil española
_912359
650 4 _aVIDA EN OTROS PLANETAS -
_vNOVELA
_98206
905 _aLibro
999 _c150028
_d150028